[Event "Niedersachsen-ch op-B"]
[Site "Verden"]
[Date "2015.01.02"]
[Round "2"]
[White "Lau, Magdalene"]
[Black "Ter Stal, Lars"]
[Result "0-1"]
[WhiteElo "775"]
[BlackElo "1186"]
[PlyCount "107"]
[EventDate "2015.01.02"]
[EventType "swiss"]
[EventRounds "7"]
[EventCountry "GER"]
[SourceTitle "EXT 2018"]
[Source "ChessBase"]
[SourceDate "2017.10.13"]
[SourceVersion "1"]
[SourceVersionDate "2017.10.13"]
[SourceQuality "1"]

1. e4 e6 2. Nf3 d5 3. exd5 exd5 4. Nc3 Bc5 5. Be2 Nf6 6. d3 Nc6 7. Bg5 0-0 8. 0-0 h6 9. Bxf6 Qxf6 10. h3 Qg6 11. Nh4 Qg3 12. d4 Qxh4 13. dxc5 Qg5 14. Bf3 Bxh3 15. Re1 Rfe8 16. Rxe8+ Rxe8 17. Qd3 Ne5 18. Qd1 d4 19. Ne4 Qg6 20. c3 dxc3 21. bxc3 Kh7 22. Rb1 Rd8 23. Qxd8 Nxf3+ 24. Kf1 Nh2+ 25. Ke1 Qxe4+ 26. Kd2 Qxb1 27. gxh3 Qxa2+ 28. Ke3 Nf1+ 29. Kf4 Qxf2+ 30. Ke4 f5+ 31. Ke5 Qxc5+ 32. Ke6 c6 33. Kd7 Qd5+ 34. Ke8 Qxd8+ 35. Kxd8 f4 36. Kc7 f3 37. Kxb7 f2 38. c4 Ne3 39. c5 f1Q 40. Kxc6 Qf6+ 41. Kb5 Kg8 42. c6 Nd5 43. Kc5 Nc7 44. h4 Qe5+ 45. Kc4 Qd5+ 46. Kc3 Kf7 47. h5 Ke6 48. Kb4 Na6+ 49. Kc3 Qxc6+ 50. Kd4 Qd5+ 51. Ke3 Kf5 52. Kf2 Qd3 53. Kg2 Qd2+ 54. Kf1 0-1